Statistics for Cluedo Characters

Click here to take the quiz!

General Stats

  • This quiz has been taken 54 times
  • The average score is 6 of 6

Answer Stats

TitleName% Correct
MrGreen
100%
MrsWhite
100%
ColonelMustard
98%
ProfessorPlum
95%
MissScarlett
90%
MrsPeacock
88%

Score Distribution

Percentile by Number Answered

Percent of People with Each Score

Your Score History

You have not taken this quiz